000 00772 a2200241 4500
003 00493nam a2200169Ia 4500
005 20250904151928.0
008 250904b |||||||| |||| 00| 0 eng d
022 _a26365197
040 _erda
050 _aTK5105. 88813.I56/
245 _aInnovative Solutions in Engineering: a journal of the Nigerian academy of engineering
260 _alagos
_bThe Nigerian Academy of Engineering
_c2023
264 _bLagos
_aThe Nigerian Academy of Engineering
_c2023
300 _avi, 75p. ; ill : 25 cm.
336 _2text
_3text
337 _2text
338 _2rdacarrier
490 _avol. 5 No. 1
600 _2Economic development--periodicals. public admistration--periodicals
650 _aWeb Service
942 _2lcc
_cSR
999 _c43634
_d43634